| 000 | 00541nam a2200193 i 4500 | ||
|---|---|---|---|
| 001 | 91038 | ||
| 003 | ES-MaACL | ||
| 005 | 20231213062941.0 | ||
| 007 | t| | ||
| 008 | 050126s1970 sp |||| | spa d | ||
| 100 | 1 |
_aLera, Ángel María de, _d1912-1984 _971742 |
|
| 245 | 1 | 4 |
_aLas últimas banderas _b: novela / _cAngel María de Lera. |
| 250 | _a17ª ed. | ||
| 260 |
_aBarcelona : _bPlaneta, _c1970. |
||
| 300 |
_a410 p. ; _c19 cm. |
||
| 586 | _aPremio Planeta 1967 | ||
| 852 |
_aES-MaACL _jC-39945 |
||
| 999 |
_c91038 _d91038 |
||